000 00447nam a22001577a 4500
005 20231117035546.0
008 231117b |||||||| |||| 00| 0 eng d
082 _222
_a305.401
245 _aFeminism Culture & Politics /
_cRosalind Brunt, Caroline Rowan.
260 _aLondon:
_bLawrences and Wishart Limited,
_c1982.
300 _a6 - 190 p.
650 _aWomen
700 _aBrunt, Rosalind.
_eedt
700 _aRowan, Caroline.
_eedt
942 _cL
999 _c28
_d28